000 01281nam1a22003011i 4500
001 v19\rc\1572415
005 20260406180458.0
035 _a(NLR Aleph) 004701343
090 _a4071956
_c4071956
100 _a20061002g18921902|||y0rusy50 ca
101 0 _arus
102 _aRU
105 _ay z |||||
200 1 _aСписок речных непаровых судов Европейской России
210 _aСанкт-Петербург
_cСтат. отд. М-ва пут. сообщ.
_d1892-1902
215 _d26
300 _aНадзаг. вып. 2: Отдел статистики и картографии Министерства путей сообщения
712 0 1 _aРоссия
_bМинистерство путей сообщения
_bСтатистический отдел
_3RU\NLR\AUTH\889945043
_9385370
712 0 1 _aРоссия
_bМинистерство путей сообщения
_bОтдел статистики и картографии
_3RU\NLR\AUTH\889945042
_9385368
801 0 _aRU
_bNLR
_gpsbo
801 0 _aRU
_bRuMoRGB
_2psbo
801 1 _aRU
_bProSoft-M
_2rusmarc
852 _aNLR
_jШифры разные
899 _aRuMoRGB
_jU 305/27
899 _aБАН
899 _aНБ СПбГУ
899 _aНБ МГУ
942 _cBOOK